00463nam a2200145Ia 4500008004100000041000800041082001200049100002200061245002100083260003500104300003200139365001100171999001700182952011800199240624s9999 xx 000 0 und d aeng a823 SAT aSATYANARAYANA Y B aMY FATHER BALIAH c2011aNew DelhibHarperCollins axxii, : 211 : p. : cm. ; 21 cRSb25 c19958d19958 00104070aIMTNbIMTNcRack 38-Bd2012-10-03eAPg299.00o823 SATp19958r2024-06-24 00:00:00t1w2024-06-24yBK